000 00442nam a2200157Ia 4500
999 _c5004
_d5004
003 OSt
005 20200122104444.0
008 190216s9999||||xx |||||||||||||| ||und||
040 _coclc
082 _a657.45
_bTAN/P
100 _aTandon, B N
_91294
245 0 _aPractical Auditing /
_cB N Tandon
260 _bSultan Chand&Sons,
_c1984.
_aNew Delhi:
300 _a819p
942 _cBK
_2ddc
_h657.45
_iTAN/P
_k657.45
_mTAN/P